El Largo camino hacia la libertad de testar (Registro nro. 161899)
[ vista simple ]
| 000 -LEADER | |
|---|---|
| fixed length control field | 00764nam a22002297a 4500 |
| 007 - PHYSICAL DESCRIPTION FIXED FIELD--GENERAL INFORMATION | |
| fixed length control field | cr|||| |||| |
| 008 - FIXED-LENGTH DATA ELEMENTS--GENERAL INFORMATION | |
| fixed length control field | 130114t2012 sp ||||| |||| 00| 0 spa d |
| 020 ## - INTERNATIONAL STANDARD BOOK NUMBER | |
| International Standard Book Number | 978-84-9031-008-3 |
| 035 ## - | |
| -- | 6958 |
| 040 ## - CATALOGING SOURCE | |
| Original cataloging agency | vLex |
| 090 ## - | |
| -- | 3509 |
| -- | 3509 |
| 100 10 - MAIN ENTRY--PERSONAL NAME | |
| Personal name | Barrio Gallardo, Aurelio |
| 245 13 - TITLE STATEMENT | |
| Title | El Largo camino hacia la libertad de testar |
| Medium | [Recurso electrónico] : |
| Remainder of title | de la legítima al derecho sucesorio de alimentos Aurelio / |
| Statement of responsibility, etc | Aurelio Barra Gallardo |
| 256 ## - | |
| -- | Servicio en línea |
| 260 ## - PUBLICATION, DISTRIBUTION, ETC. (IMPRINT) | |
| Place of publication, distribution, etc | Madrid : |
| Name of publisher, distributor, etc | Dykinson, |
| Date of publication, distribution, etc | 2012 |
| 300 ## - PHYSICAL DESCRIPTION | |
| Extent | 1 Recurso electrónico |
| 650 ## - SUBJECT ADDED ENTRY--TOPICAL TERM | |
| Source of heading or term | Sucesiones |
| 740 ## - | |
| -- | vLex Libros (Servicio en línea) |
| 856 ## - LOCALIZACIÓN Y ACCESO ELECTRÓNICO | |
| Host name | Acceso restringido |
| Identificador Uniforme del Recurso (URI/URL) | http://www.vlex.com/source/6958 |
| 942 ## - | |
| -- | RAA |
| 999 ## - | |
| -- | 161899 |
| -- | 161899 |
No hay ítems disponibles.